|
|
|
|
| LEADER |
01055nam a2200265 u 4500 |
| 001 |
10016290 |
| 003 |
upatras |
| 005 |
20180424093638.0 |
| 008 |
881025s1985 us eng |
| 020 |
|
|
|a 026222027X
|
| 040 |
|
|
|a GR-PaULI
|c GR-PaULI
|
| 041 |
0 |
|
|a eng
|
| 082 |
0 |
4 |
|a 515.64
|
| 100 |
1 |
|
|a Vidyasagar, M.
|9 35270
|
| 245 |
1 |
0 |
|a Control system synthesis
|b a factorization approach
|c M. Vidyasagar
|
| 260 |
|
|
|a Cambridge, MA
|b The MIT Press
|c 1985
|
| 300 |
|
|
|a 436 p.
|b fig.
|c 23 cm
|
| 490 |
0 |
|
|a The MIT Press Series in Signal Processing, Optimization and Control
|
| 505 |
1 |
|
|a Includes references and subject index
|
| 650 |
|
4 |
|9 148376
|a Έλεγχος, Θεωρία του
|
| 760 |
1 |
|
|a MIT press series in signal processing, optimization, and control
|
| 852 |
|
|
|a GR-PaULI
|b ΠΑΤΡΑ
|b ΒΚΠ
|b ΒΣ1
|k ΑΣΧΞ
|h 515.64 V
|m 33797
|p 025000066129
|t 1
|
| 942 |
|
|
|2 ddc
|c BK15
|
| 952 |
|
|
|0 0
|1 0
|4 0
|6 515_640000000000000_V
|7 0
|9 164407
|a LISP
|b LISP
|c BSC
|d 2016-04-24
|i 33797
|l 0
|o 515.64 V
|p 025000066129
|r 2016-04-24 00:00:00
|t 1
|w 2016-04-24
|y BK15
|
| 999 |
|
|
|c 103088
|d 103088
|